banner-ar

ECONOMICS PRINCIPLES AND POLICY / (Record no. 14684)

MARC details
000 -الفاتح
حقل البيانات ثابتة الطول 00527nam a2200205Ia 4500
008 - عناصر البيانات ثابتة الطول - معلومات عامة
حقل البيانات ثابتة الطول 140319s9999 xx 000 0 eng d
040 ## - مصدر الفهرسة
وكالة الفهرسة الأصلية GCL /
وكالة النسخ GCL
082 04 - رقم تصنيف ديوى العشرى
رقم التصنيف 330
رقم المادة B.E
100 1# - المدخل الرئيسى - إسم شخصى
الإسم الشخصى BAUNOL, WILLIAM J.
245 10 - بيان العنوان
العنوان ECONOMICS PRINCIPLES AND POLICY /
بيان المسئوليه,etc BAUNOL, WILLIAM J.
700 1# - المدخل الاضافى - اسم شخصى
الإسم الشخصى BLINDER, ALAN S.
260 ## - PUBLICATION, DISTRIBUTION, ETC. (IMPRINT)
تاريخ النشر أو التوزيع 1994
300 ## - الوصف المادى
التعداد 999
650 04 - المدخل الاضافى بالموضوع-مصطلح موضوعى
مصطلح موضوعي COMPELION
650 04 - المدخل الاضافى بالموضوع-مصطلح موضوعى
مصطلح موضوعي MACROECONOMICS
650 04 - المدخل الاضافى بالموضوع-مصطلح موضوعى
مصطلح موضوعي ECONOMIC
650 04 - المدخل الاضافى بالموضوع-مصطلح موضوعى
مصطلح موضوعي SUPPLY AND DEMAND
942 ## - عناصر المدخل الإضافي( كوها)
مصدر التصنيف او مخطط الترفيف Dewey Decimal Classification
Koha [default] item type كتاب
260 ## - PUBLICATION, DISTRIBUTION, ETC. (IMPRINT)
-- [S.N] :
-- LIZ WIDDICOMBE ،
Holdings
حالة التراجع حالة الفقد حالة تلف ليس للاعارة المكان المؤقت الموقع الحالى تاريخ الاكتساب اجمالي اﻻعارات رقم الطلب الباركود تاريخ اخر مشاهدة تاريخ تفعيل السعر نوع وعاء كوها
        مكتبة القاهرة الكبرى مكتبة القاهرة الكبرى 03/26/2014   330\B.E 27532 03/26/2014 03/26/2014 كتاب
        مكتبة القاهرة الكبرى مكتبة القاهرة الكبرى 03/26/2014   330\B.E 27533 03/26/2014 03/26/2014 كتاب

Powered By

EGPV